000 00885nam a2200253Ia 4500
003 OSt
005 20220930063802.0
006 a|||||r|||| 00| 0
007 ta
008 220926b |||||||| |||| 00| 0 eng d
024 _a3297
037 _cTheses
040 _aCRL
_cCRL
_beng
041 _2eng
_aeng
100 _aChawla Rajesh
_9523504
110 _aUniversity of Delhi. Faculty of Medical Science. Department of Clinical Research
_9523505
245 0 _aBacterial and viral analysis of bronchoalveolar lavage by fiberbronchoscope in chronic obstructive airway disease
260 _c1984
650 _aDRUGS - TESTING
_9522784
700 _a Dr O P Jaggi Supervisor
_9523506
700 _aUniversity of Delhi. Faculty of Medical Science. Department of Clinical Research
_9523507
942 _cDIS
_2CC
999 _c857298
_d857298